| 000 | 01832nam a2200421 a 4500 | ||
|---|---|---|---|
| 001 | ebr10041253 | ||
| 003 | CaPaEBR | ||
| 006 | m u | ||
| 007 | cr cn||||||||| | ||
| 008 | 990917s2000 ncua sb s001 0 eng | ||
| 010 | _z 99048082 | ||
| 020 | _z0807825433 (cl. : acid-free paper) | ||
| 020 | _z0807848565 (pbk.) | ||
| 040 |
_aCaPaEBR _cCaPaEBR |
||
| 035 | _a(OCoLC)53471944 | ||
| 050 | 1 | 4 |
_aF865 _b.R64 2000eb |
| 082 | 0 | 4 |
_a979.4/04 _221 |
| 100 | 1 |
_aRoberts, Brian, _d1957- |
|
| 245 | 1 | 0 |
_aAmerican alchemy _h[electronic resource] : _bthe California Gold Rush and middle-class culture / _cBrian Roberts. |
| 260 |
_aChapel Hill : _bUniversity of North Carolina Press, _cc2000. |
||
| 300 |
_axii, 328 p. : _bill. |
||
| 490 | 1 | _aCultural studies of the United States | |
| 504 | _aIncludes bibliographical references and index. | ||
| 533 |
_aElectronic reproduction. _bPalo Alto, Calif. : _cebrary, _d2013. _nAvailable via World Wide Web. _nAccess may be limited to ebrary affiliated libraries. |
||
| 650 | 0 |
_aFrontier and pioneer life _zCalifornia. |
|
| 650 | 0 |
_aFrontier and pioneer life _zWest (U.S.) |
|
| 650 | 0 |
_aPioneers _zCalifornia _xHistory _y19th century. |
|
| 650 | 0 |
_aPioneers _zNortheastern States _xHistory _y19th century. |
|
| 650 | 0 |
_aMiddle class _zCalifornia _xHistory _y19th century. |
|
| 650 | 0 |
_aMiddle class _zNortheastern States _xHistory _y19th century. |
|
| 651 | 0 |
_aCalifornia _xGold discoveries _xSocial aspects. |
|
| 651 | 0 |
_aCalifornia _xSocial conditions. |
|
| 651 | 0 |
_aNortheastern States _xSocial conditions _y19th century. |
|
| 655 | 7 |
_aElectronic books. _2local |
|
| 710 | 2 | _aebrary, Inc. | |
| 830 | 0 | _aCultural studies of the United States. | |
| 856 | 4 | 0 |
_uhttp://site.ebrary.com/lib/rucke/Doc?id=10041253 _zAn electronic book accessible through the World Wide Web; click to view |
| 999 |
_c61083 _d61083 |
||